|
|
|
|
| LEADER |
00000nam0a2200000 4500 |
| 001 |
127501 |
| 005 |
20231101220046.0 |
| 020 |
|
|
|a RU
|b 84-35076
|
| 035 |
|
|
|a (RuTPU)RU\TPU\book\137937
|
| 090 |
|
|
|a 127501
|
| 100 |
|
|
|a 20071217d1984 d y0rusy5003 ca
|
| 101 |
0 |
|
|a rus
|c eng
|
| 102 |
|
|
|a RU
|
| 105 |
|
|
|a a z 000ay
|
| 200 |
1 |
|
|a Приключения Гекльберри Финна
|e [Повесть. Для среднего и старшего школьного возраста]
|f М. Твен
|g пер. с англ. Н. Дарузес ; худож. С. В. Калачев
|
| 210 |
|
|
|a Воронеж
|c Центрально-Черноземное кн. изд-во
|d 1984
|
| 215 |
|
|
|a 288 с.
|c ил.
|d 21 см
|
| 610 |
0 |
|
|a Дети в США (д. л.)
|
| 610 |
0 |
|
|a американская литература
|
| 675 |
|
|
|a 82
|z rus
|
| 700 |
|
1 |
|a Твен
|b М.
|c американский писатель
|c настоящие имя и фамилия Самюэл Ленгхорн Клеменс
|f 1835-1910
|g Марк
|2 stltpush
|3 (RuTPU)RU\TPU\pers\15890
|9 5545
|
| 702 |
|
1 |
|a Дарузес
|b Н.
|4 730
|
| 702 |
|
1 |
|a Калачев
|b С. В.
|4 440
|
| 801 |
|
0 |
|a RU
|b RuMRKP
|c 19950704
|g psbo
|
| 801 |
|
1 |
|a RU
|b 63413507
|c 20071217
|g PSBO
|
| 801 |
|
2 |
|a RU
|b 63413507
|c 20071217
|g PSBO
|
| 942 |
|
|
|c BK
|